Fortnite Battle Royale: Locations - Statistics

General Stats
  • This quiz has been taken 90 times
  • The average score is 37 of 126
Answer Stats
Season Debut Answer % Correct
Season 1 | Season 2 Tilted Towers
82%
Pre-Season | Season 1 Pleasant Park
75%
Pre-Season | Season 1 Salty Springs
74%
Pre-Season | Season 1 Retail Row
69%
Pre-Season Dusty Depot
66%
Season 4 Dusty Divot
63%
Season 5 Paradise Palms
63%
Pre-Season Loot Lake
62%
Pre-Season Wailing Woods
62%
Season 2 Junk Junction
59%
Pre-Season | Season 1 Greasy Grove
57%
Pre-Season Moisty Mire
57%
Pre-Season Flush Factory
53%
Season 2 Haunted Hills
53%
Pre-Season Lonely Lodge
53%
Season 3 Lucky Landing
51%
Season 9 Neo Tilted
51%
Season 2 The Agency
51%
Season 1 | Season 4 Risky Reels
50%
Season 2 Snobby Shores
50%
Pre-Season Tomato Town
50%
Pre-Season Anarchy Acres
49%
Pre-Season Fatal Fields
49%
Season 9 Mega Mall
47%
Season 7 Polar Peak
46%
Season 2 The Grotto
46%
Season 2 The Shark
43%
Season 2 MEGA City
41%
Season 1 | Season 2 Shifty Shafts
41%
Season 1 Slurpy Swamp
41%
Season 2 The Yacht
41%
Season 1 Lazy Lake
40%
Season 5 Lazy Links
40%
Season 2 The Rig
40%
Season 4 Stark Industries
38%
Season 1 Steamy Stacks
38%
Season X Gotham City
37%
Season 3 | Season 8 Lazy Lagoon
37%
Season 7 Frosty Flights
35%
Season 1 Holly Hedges
35%
Season 1 Sweaty Sands
35%
Season 1 Weeping Woods
35%
Season 3 Coral Castle
34%
Season X Tilted Town
34%
Season 1 Frenzy Farm
32%
Season 7 Happy Hamlet
32%
Season 1 Misty Meadows
32%
Season 3 The Authority
32%
Season 3 The Fortilla
32%
Season 1 Craggy Cliffs
29%
Season 9 Pressure Plant
29%
Season 1 The Daily Bugle
29%
Season 5 Tomato Temple
29%
Season 3 Catty Corner
28%
Season 1 Dirty Docks
28%
Season 4 Doom's Domain
28%
Season 1 Frenzy Fields
28%
Season 8 Sunny Steps
28%
Season 5 Salty Towers
25%
Season 6 The Spire
24%
Season X Moisty Palms
22%
Season 1 The Citadel
21%
Season 3 Rickety Rig
19%
Season 7 Believer Beach
18%
Season 1 Brutal Bastion
18%
Season X Starry Suburbs
18%
Season 6 Boney Burbs
16%
Season 1 Sanctuary
16%
Season 1 The Joneses
16%
Season 1 Chonker's Speedway
15%
Season 1 Logjam Lumberyard
15%
Season 1 Anvil Square
13%
Season 1 Breakwater Bay
13%
Season 5 Colossal Coliseum
13%
Season 5 Hunter's Haven
13%
Season 4 The Ruins
13%
Season 1 Camp Cuddle
12%
Season 1 Condo Canyon
12%
Season 1 Coney Crossroads
12%
Season 1 Lonely Labs
12%
Season 1 Sleepy Sound
12%
Season 6 Colossal Crops
10%
Season 7 Corny Complex
10%
Season 1 Faulty Splits
10%
Season 2 Kenjutsu Crossing
10%
Season 2 Knotty Nets
10%
Season 1 Rocky Reels
10%
Season 1 Slappy Shores
10%
Season 5 Stealthy Stronghold
10%
Season 8 The Convergence
10%
Season 8 The Pyramid
10%
Season 8 Corny Crops
9%
Season 3 Rave Cave
9%
Season 1 Shattered Slabs
9%
Season 2 Steamy Springs
9%
Season 3 Reality Falls
7%
Season 4 Reality Tree
7%
Season 7 Holly Hatchery
6%
Season 7 Sludgy Swamp
6%
Season 2 Synapse Station
6%
Season 1 Covert Cavern
4%
Season 3 Logjam Lotus
4%
Season 4 Tainted Towers
4%
Season 2 The Fortress
4%
Season 4 Chrome Crossroads
3%
Season 4 Chromejam Junction
3%
Season 4 Flutter Barn
3%
Season 4 Grim Gables
3%
Season 4 Herald's Sanctum
3%
Season 3 Logjam Junction
3%
Season 4 Lustrous Lagoon
3%
Season 2 Command Cavern
1%
Season 4 Shimmering Shrine
1%
Season 2 The Collider
1%
Season 4 Cloudy Condos
0%
Season 4 Fort Jonesy
0%
Season 4 Shiny Sound
0%
Season 3 Shuffled Shrines
0%
No matching quizzes found
Score Distribution
Percent of People with Each Score
Percentile by Number Answered
Your Score History
You have not taken this quiz